000 01247pam a2200313 a 4500
001 710104
003 ARRUPE
005 20160216112003.0
008 970905s1997 ilu b 001 0 eng
010 _a 97035618
020 _a081011528X (alk. paper)
040 _aDLC
_cDLC
_dDLC
050 0 0 _aB2430.M3764
_bD55 1997
082 0 0 _a111/.092
_221
100 1 _aDillon, M. C.
_q(Martin C.),
_d1938-2005.
_922363
245 1 0 _aMerleau-Ponty's ontology /
_cM.C. Dillon.
250 _a2nd ed.
260 _aEvanston, Ill. :
_bNorthwestern University Press,
_c1997.
300 _axix, 306 p. ;
_c23 cm.
490 1 _aNorthwestern University studies in phenomenology and existential philosophy
504 _aIncludes bibliographical references (p. [259]-299) and indexes.
600 1 0 _aMerleau-Ponty, Maurice,
_d1908-1961.
_xContributions in ontology
_922364
650 0 _aOntology
_xHistory
_y20th century.
_920222
650 0 _aPhilosophy, Modern.
_922365
830 0 _aNorthwestern University studies in phenomenology & existential philosophy.
_922366
906 _a7
_bcbu
_corignew
_d1
_eocip
_f19
_gy-gencatlg
942 _2lcc
_cMONOGRAPH
999 _c124196
_d124196